000 00909nmm a2200265 a 4500
001 ocm000591889
003 TR-IsHL
005 20201028134657.0
008 131203s2008 tu eng
007 cr cn
020 _a9789750126611
035 _a591889
_b(N$T)
050 0 4 _aDR728
_b.W58 2008
090 0 4 _aDR728
_b.W58 2008
245 1 0 _aWith bird's eye-views of the city symbolic maps of the city: Istanbul in engravings
_h[electronic resource] /
_ced. Sercan Özgencil Yıldırım
260 _aİstanbul :
_bİstanbul Ticaret Odası,
_c2008
300 _a332 p.
650 4 _aTarih
650 4 _aHistory
650 0 _aGravür
_x İstanbul (Türkiye)
650 0 _aGravure
_x Istanbul (Turkey)
650 7 _aART / Middle Eastern
_2bisacsh
700 1 _aYıldırım, Sercan Özgencil
856 4 0 _uhttp://search.ebscohost.com/login.aspx?direct=true&scope=site&db=e011xww&AN=591889
999 _c6324
_d6324